MARC
| LEADER | 00000nam a2200000Ia 4500 | ||
|---|---|---|---|
| 008 | 170316s9999 xx 000 0 und d | ||
| 040 | |a cru BVZT | ||
| 090 | |a 862 G-29c | ||
| 100 | |a Gómez de la Serna, Ramón | ||
| 245 | |a El caballero del hongo gris | ||
| 260 | |a España |b Salvat |c 1970 | ||
| 300 | |a 177 páginas | ||
| 650 | |a LITERATURA ESPAÑOLA | ||
| 999 | |c 9902 |d 9902 | ||
| 942 | |c 15 D |h 862 G-29c |2 z | ||
